| 000 | 01139nam a22002657i 4500 | ||
|---|---|---|---|
| 999 |
_c23035 _d23035 |
||
| 003 | AR-CdUCM | ||
| 008 | 240910b20192019 pe||||| |||| 00| 0 spa d | ||
| 040 |
_aMUNICIPALIDAD PROVINCIAL DEL CUSCO _cBIBLIOTECA MUNICIPAL DEL CUSCO |
||
| 082 |
_2Primera edición _a616.2 / A79 / e.2 _bA79 / e.2 |
||
| 100 |
_aAsociación Centro Santa Rita _950342 |
||
| 245 | _aVivir bien con EPOC : Consejos Prácticos / | ||
| 260 |
_aWanchaq-Cusco : _c2019 |
||
| 300 |
_a38 páginas. : _c21.5 cm. |
||
| 505 | _aIntroducción -- Conocemos a la EPOC -- Los síntomas -- Causas -- El día a día -- Actividad Física --Comida y dieta -- Dormir mejor --Ocio y viajes -- Ejercicios de rehabilitación respiratoria | ||
| 650 |
_aConsejos de Salud _950337 |
||
| 650 |
_aComida y dieta _950343 |
||
| 650 |
_aRehabilitación de la respiración _950338 |
||
| 650 |
_aControl de emociones _950339 |
||
| 700 |
_aMelvin Ricalde Castro Prieto _950344 |
||
| 700 |
_aJuan Carlos Rojas Marroquín _950345 |
||
| 700 |
_aGerardo Antonio Calderón Dávila _950346 |
||
| 700 |
_aViviana del Rocio Torres Romero _950347 |
||
| 942 |
_2ddc _cLIBROS |
||
| 945 |
_apbj _d2024-09-10 |
||